00970 2200361 4500001002100000005001500021035002000036007000300056040001700059100003800076245005200114250001000166300003000176504002500206020001800231041000800249082001100257084001700268090002600285264004200311336002100353337003000374338002300404650001600427850001000443008004100453990001900494990001900513990001900532990001900551990001900570990001900589INLIS00000000000913520260427094701 a0010-1122000094ta aSBPUPADbind0 aSuwarman Partosuwiryo;ePengarang1 aBudi Daya Rumput Laut /cSuwarman Partosuwiryo; aCet.1 a60 hlm, :bilus. ;c15 cm abibiliografi, hlm 60 a979-1464-92-50 aind a589.45 a589.45 SUW b a589.45 SUW b L 17 R 5 aYogyakarta :bCitra Aji Parama,c2008 2rdacontentateks 2rdamediaatanpa perantara 2rdacarrieravolume 4aRumput Laut aPUPAD260427 0  a9225/H/KAPD/09 a9227/H/KAPD/09 a9224/H/KAPD/09 a9228/H/KAPD/09 a9226/H/KAPD/09 a462/S/KAPDpadg